Central Library OPAC University of Rajshahi

Human resource management / (Record no. 86300)

MARC details
000 -LEADER
fixed length control field 00924nam a2200289 a 4500
001 - CONTROL NUMBER
control field 86300
003 - CONTROL NUMBER IDENTIFIER
rucl marc code BD-RjUL
005 - DATE AND TIME OF LATEST TRANSACTION
control field 20260402101738.0
008 - FIXED-LENGTH DATA ELEMENTS--GENERAL INFORMATION
fixed length control field 260402s20242023ii a b 001 0 eng
020 ## - INTERNATIONAL STANDARD BOOK NUMBER
International Standard Book Number 9789357054287
035 ## - SYSTEM CONTROL NUMBER
System control number (BD-RjUL)86300
040 ## - CATALOGING SOURCE
Original cataloging agency DLC
Language of cataloging eng
Description conventions rda
Transcribing agency DLC
Modifying agency DLC
-- BD-RjUL
041 ## - LANGUAGE CODE
Language code of text/sound track or separate title eng
082 00 - DEWEY DECIMAL CLASSIFICATION NUMBER
Edition number 23
Classification number 658.3
Author mark and year DEH 2024
100 1# - MAIN ENTRY--PERSONAL NAME
Personal name Dessler, Gary,
Dates associated with a name 1942-
Relator term author.
9 (RLIN) 17971
245 10 - TITLE STATEMENT
Title Human resource management /
Statement of responsibility, etc. Gary Dessler , Biju varkkey
250 ## - EDITION STATEMENT
Edition statement Seventeenth edition.
264 #1 - PRODUCTION, PUBLICATION, DISTRIBUTION, MANUFACTURE, AND COPYRIGHT NOTICE
Place of production, publication, distribution, manufacture Nodia:
Name of producer, publisher, distributor, manufacturer Pearson Education (India)
Date of production, publication, distribution, manufacture, or copyright notice c2023, [impression 2024]
300 ## - PHYSICAL DESCRIPTION
Pagination xxxvi, 683 pages :
Illustrations illustrations ;
Size 29 cm
336 ## - CONTENT TYPE
Content type term text
Content type code txt
Source rdacontent
337 ## - MEDIA TYPE
Media type term unmediated
Media type code n
Source rdamedia
338 ## - CARRIER TYPE
Carrier type term volume
Carrier type code nc
Source rdacarrier
504 ## - BIBLIOGRAPHY, ETC. NOTE
Bibliography, etc Includes bibliographical references and index.
650 #0 - SUBJECT ADDED ENTRY--TOPICAL TERM
Topical term or geographic name as entry element Personnel management.
700 ## - ADDED ENTRY--PERSONAL NAME
Personal name varkkey, Biju
942 ## - ADDED ENTRY ELEMENTS (KOHA)
Source of classification or shelving scheme Dewey Decimal Classification
Koha item type Books
Holdings
Lost status Source of classification or shelving scheme Damaged status Not for loan Collection code Permanent Location Current Location Shelving location Date acquired Source of acquisition Cost, normal purchase price Total Checkouts Full call number Date last seen Copy number Koha item type
  Dewey Decimal Classification   Not For Loan Non-fiction Central Library, University of Rajshahi Central Library, University of Rajshahi Reading Room 01/04/2026 Omni Concept, Dhaka 1569.00   658.3 DEH 2024 02/04/2026 C-1 Books